UBT Library

American Cancer Society complete guide to complementary & alternative cancer therapies / (Record no. 47330)

000 -LEADER
fixed length control field 01389cam a2200313 a 4500
001 - CONTROL NUMBER
control field 15360453
005 - DATE AND TIME OF LATEST TRANSACTION
control field 20180827040549.0
008 - FIXED-LENGTH DATA ELEMENTS--GENERAL INFORMATION
fixed length control field 080709s2009 gau bf 001 0 eng
010 ## - LIBRARY OF CONGRESS CONTROL NUMBER
LC control number 2008030017
016 7# - NATIONAL BIBLIOGRAPHIC AGENCY CONTROL NUMBER
Record control number 101509657
Source DNLM
020 ## - INTERNATIONAL STANDARD BOOK NUMBER
International Standard Book Number 9780944235713 (pbk. : alk. paper)
020 ## - INTERNATIONAL STANDARD BOOK NUMBER
International Standard Book Number 0944235719 (pbk. : alk. paper)
035 ## - SYSTEM CONTROL NUMBER
System control number (OCoLC)ocn150366165
037 ## - SOURCE OF ACQUISITION
Stock number 1279646
Source of stock number/acquisition QBI
040 ## - CATALOGING SOURCE
Original cataloging agency DLC
Transcribing agency DLC
Modifying agency QBX
-- BTCTA
-- BAKER
-- YDXCP
-- WS$
-- YDX
-- CHY
-- NLM
-- DLC
041 ## - LANGUAGE CODE
Language code of text/sound track or separate title eng
080 ## - UNIVERSAL DECIMAL CLASSIFICATION NUMBER
Universal Decimal Classification number 616.99406
082 00 - DEWEY DECIMAL CLASSIFICATION NUMBER
Classification number 616.99406
Edition number 22
100 ## - Rafti
Rafti 6
101 ## - Shkurtesa
Shkurtesa CAN
245 00 - TITLE STATEMENT
Title American Cancer Society complete guide to complementary & alternative cancer therapies /
Statement of responsibility, etc senior contributing editors, Terri Ades ... [et al.] ; editors, Jill Russell, Amy Rovere ; foreword, David Rosenthal.
246 3# - VARYING FORM OF TITLE
Title proper/short title Complete guide to complementary and alternative cancer therapies
246 30 - VARYING FORM OF TITLE
Title proper/short title Complementary & alternative cancer therapies
246 3# - VARYING FORM OF TITLE
Title proper/short title Complementary and alternative cancer therapies
504 ## - BIBLIOGRAPHY, ETC. NOTE
Bibliography, etc Includes bibliographical references and index.
906 ## - LOCAL DATA ELEMENT F, LDF (RLIN)
a 7
b cbc
c orignew
d 1
e ecip
f 20
g y-gencatlg
942 ## - ADDED ENTRY ELEMENTS (KOHA)
Source of classification or shelving scheme
Item type Books
Holdings
Withdrawn status Lost status Source of classification or shelving scheme Damaged status Not for loan Collection code Permanent location Current location Shelving location Date acquired Total Checkouts Full call number Barcode Date last seen Price effective from Koha item type
          Koleksioni i përgjithshem UBT - Lipjan UBT - Lipjan Koleksioni i lëndeve mesimore 08/27/2018   616.99406 ADE 002-3011483 08/27/2018 08/27/2018 Books
UBT Library © 2015-2024. All rights reserved University Education for Business and Technology